Score 0/22 Timer 08:00
5 Plays Today
% Correct
The Bridge of San Luis Rey
63.2%
The Boxcar Children
61.4%
Bridget Jones's Diary
59.2%
Bury My Heart at Wounded Knee
51.9%
The Bad Beginning
51.5%
Battlefield Earth
46.9%
Brighton Rock
46.4%
Bleak House
46.1%
The Bonesetter's Daughter
35.8%
The Bell Jar
33.5%
Black Beauty
32.8%
% Correct
The Bridge Over the River Kwai
32.3%
Brave New World
31.4%
Breakfast of Champions
22.2%
The Bourne Identity
21.6%
The Bridges of Madison County
21.3%
Beloved
19.2%
Breakfast at Tiffany's
17.7%
The Bonfire of the Vanities
16.3%
The Book Thief
15.9%
The Butter Battle Book
14.4%
The Blind Assassin
14%
Remove Ads.
Support Sporcle.
Get the best of Sporcle when you Go Orange. This ad-free experience offers more features, more stats, and more fun while also helping to support Sporcle. Thank you for becoming a member.

You're not logged in!

Compare scores with friends on all Sporcle quizzes.
OR
Log In

Show Comments

Extras

Top Quizzes Today


Score Distribution

Your Account Isn't Verified!

In order to create a playlist on Sporcle, you need to verify the email address you used during registration. Go to your Sporcle Settings to finish the process.

Report this User

Report this user for behavior that violates our Community Guidelines.

Details: